Debugging : creative techniques and tools for softwere repair

में बचाया:
ग्रंथसूची विवरण
मुख्य लेखक: Stitt, Martin
स्वरूप: पुस्तक
भाषा:Undetermined
प्रकाशित: New York John Wiley & Son 1992
विषय:
टैग : टैग जोड़ें
कोई टैग नहीं, इस रिकॉर्ड को टैग करने वाले पहले व्यक्ति बनें!
Thư viện lưu trữ: Trung tâm Học liệu Trường Đại học Cần Thơ
LEADER 00553nam a2200193Ia 4500
001 CTU_127236
008 210402s9999 xx 000 0 und d
082 |a 005.14 
082 |b S854 
100 |a Stitt, Martin 
245 0 |a Debugging : 
245 0 |b creative techniques and tools for softwere repair 
245 0 |c Martin Stitt 
260 |a New York 
260 |b John Wiley & Son 
260 |c 1992 
650 |a Debugging in computer science,Software maintenance 
904 |i Hiếu 
980 |a Trung tâm Học liệu Trường Đại học Cần Thơ